Thiết kế máy cắt bột tự động : Báo cáo tổng kết đề tài Khoa học và Công nghệ cấp cơ sở

Thiết kế máy cắt bột tự động ở qui mô hộ gia đình nhằm giúp các hộ sản xuất bột nguyên liệu ở huyện Mỹ Tú tỉnh Sóc Trăng tăng năng suất, giảm sức lao động và tạo được tính đồng đều của các viên bột sau khi cắt....

Disgrifiad llawn

Wedi'i Gadw mewn:
Manylion Llyfryddiaeth
Prif Awdur: Nguyễn, Hoàng Dũng
Fformat: Llyfr
Iaith:Undetermined
Cyhoeddwyd: Cần Thơ Trường Đại học Cần Thơ 2018
Pynciau:
Tagiau: Ychwanegu Tag
Dim Tagiau, Byddwch y cyntaf i dagio'r cofnod hwn!
Thư viện lưu trữ: Trung tâm Học liệu Trường Đại học Cần Thơ
LEADER 01107nam a2200217Ia 4500
001 CTU_229328
008 210402s9999 xx 000 0 und d
082 |a 621.8 
082 |b D513 
088 |a T2017-94 
100 |a Nguyễn, Hoàng Dũng 
245 0 |a Thiết kế máy cắt bột tự động : 
245 0 |b Báo cáo tổng kết đề tài Khoa học và Công nghệ cấp cơ sở 
245 0 |c Nguyễn Hoàng Dũng (Chủ nhiệm đề tài) 
260 |a Cần Thơ 
260 |b Trường Đại học Cần Thơ 
260 |c 2018 
520 |a Thiết kế máy cắt bột tự động ở qui mô hộ gia đình nhằm giúp các hộ sản xuất bột nguyên liệu ở huyện Mỹ Tú tỉnh Sóc Trăng tăng năng suất, giảm sức lao động và tạo được tính đồng đều của các viên bột sau khi cắt. 
650 |a Thiết kế máy,Machine design 
910 |b nthai 
980 |a Trung tâm Học liệu Trường Đại học Cần Thơ